[Event "ROM-ch U14 Girls"]
[Site "Calimanesti Caciulata"]
[Date "2016.04.24"]
[Round "8"]
[White "Varga, Iulia Roxana"]
[Black "Simion, Adela Maria"]
[Result "0-1"]
[WhiteElo "1085"]
[BlackElo "1368"]
[PlyCount "119"]
[EventDate "2016.04.18"]
[EventType "swiss"]
[EventRounds "9"]
[EventCountry "ROU"]
[SourceTitle "CBM 172 Extra"]
[Source "ChessBase"]
[SourceDate "2016.06.21"]
[SourceVersion "1"]
[SourceVersionDate "2016.06.21"]
[SourceQuality "1"]

1. e4 e5 2. Nf3 Nf6 3. Nxe5 Qe7 4. Nf3 Nxe4 5. Be2 Qd8 6. 0-0 Be7 7. Re1 0-0 8. Bc4 Ng5 9. d4 d5 10. Bxg5 Bxg5 11. Bb3 Bg4 12. h3 Bh5 13. c3 c6 14. Na3 Qf6 15. Nc2 Bxf3 16. Qxf3 Qxf3 17. gxf3 Nd7 18. Ne3 Rfe8 19. Nf5 Re6 20. Rxe6 fxe6 21. Ng3 Rf8 22. Kg2 e5 23. Ne2 Rf6 24. Bc2 exd4 25. Nxd4 Ne5 26. Re1 Bf4 27. h4 c5 28. Ne2 Nxf3 29. Rh1 Ne5 30. Nxf4 Rxf4 31. Kg3 Rg4+ 32. Kh3 h5 33. f3 Nxf3 34. Bd1 Rxh4+ 35. Kg2 Rxh1 36. Kxh1 Ne5 37. Bxh5 d4 38. cxd4 cxd4 39. Bd1 d3 40. Kg2 g5 41. b3 Kf7 42. a3 Ke6 43. a4 Kd5 44. b4 Kc4 45. b5 a6 46. bxa6 bxa6 47. Kg3 a5 48. Kf2 Kc3 49. Ke1 Nf3+ 50. Kf2 Ne5 51. Ke1 g4 52. Kf1 Kd2 53. Bb3 Kc1 54. Kg2 d2 55. Kg3 d1Q 56. Bxd1 Kxd1 57. Kf2 Kc2 58. Ke2 Kb3 59. Kd2 Kxa4 60. Kc3 0-1

[Event "ROM-ch U14 Girls"]
[Site "Calimanesti"]
[Date "2015.04.06"]
[Round "9"]
[White "Varga, Iulia Roxana"]
[Black "Uzuneanu, Gabriela"]
[Result "0-1"]
[WhiteElo "1001"]
[BlackElo "1394"]
[PlyCount "54"]
[EventDate "2015.03.30"]
[EventType "swiss"]
[EventRounds "9"]
[EventCountry "ROU"]
[SourceTitle "CBM 165 Extra"]
[Source "ChessBase"]
[SourceDate "2015.04.21"]
[SourceVersion "1"]
[SourceVersionDate "2015.04.21"]
[SourceQuality "1"]

1. e4 e5 2. Nf3 Nc6 3. Nc3 Nf6 4. d3 Bb4 5. Bd2 d6 6. a3 Bc5 7. Be2 h6 8. 0-0 Be6 9. h3 Qd7 10. Kh2 a6 11. Qc1 Qe7 12. Be3 d5 13. exd5 Nxd5 14. Nxd5 Bxd5 15. Bxc5 Qxc5 16. Qd2 Qd6 17. c3 e4+ 18. Kg1 exf3 19. Bxf3 Bxf3 20. gxf3 0-0-0 21. Rad1 Ne5 22. Kg2 Qg6+ 23. Kh1 Qh5 24. Kg2 Qxf3+ 25. Kh2 Rxd3 26. Qc2 Qxh3+ 27. Kg1 Nf3# 0-1

[Event "ROM-ch U14 Girls"]
[Site "Calimanesti"]
[Date "2015.04.02"]
[Round "5"]
[White "Varga, Iulia Roxana"]
[Black "Stan, Andreea"]
[Result "1/2-1/2"]
[WhiteElo "1001"]
[BlackElo "1329"]
[PlyCount "20"]
[EventDate "2015.03.30"]
[EventType "swiss"]
[EventRounds "9"]
[EventCountry "ROU"]
[SourceTitle "CBM 165 Extra"]
[Source "ChessBase"]
[SourceDate "2015.04.21"]
[SourceVersion "1"]
[SourceVersionDate "2015.04.21"]
[SourceQuality "1"]

1. e4 e5 2. Nf3 Nc6 3. Bc4 Bc5 4. 0-0 Nf6 5. d3 h6 6. Nc3 d6 7. h3 0-0 8. a3 Bb6 9. Qe2 Be6 10. Bxe6 fxe6 1/2-1/2